वित्तीय समावेशन के विविध आयाम / (Record no. 32180)

MARC details
000 -LEADER
fixed length control field 01582nam a22002897a 4500
005 - DATE AND TIME OF LATEST TRANSACTION
control field 20091207120749.0
008 - FIXED-LENGTH DATA ELEMENTS--GENERAL INFORMATION
fixed length control field 091207t xxu||||| |||| 00| 0 hin d
010 ## - LCCN (DPL NO)
LC control number HIN-88747
020 ## - INTERNATIONAL STANDARD BOOK NUMBER
International Standard Book Number 9788176752244
Terms of availability 225.00
035 ## - SYSTEM CONTROL NUMBER
System control number HN-61093
037 ## - SOURCE OF ACQUISITION
Source of stock number/acquisition DBAD / PUB
040 ## - CATALOGING SOURCE
Original cataloging agency DPL
Language of cataloging HN
082 ## - DEWEY DECIMAL CLASSIFICATION NUMBER
Classification number 332.17
245 ## - TITLE STATEMENT
Title वित्तीय समावेशन के विविध आयाम /
Statement of responsibility, etc पी. कुमार ; रूपक मिश्र एवं पुष्प कुमार शर्मा द्वारा संपादित
246 ## - VARYING FORM OF TITLE
Title proper/short title Vitteeya Smavshan ke vividh Aayaam /
Remainder of title ed. P.Kumar, Roopak Mishra & Pushap Kumar Sharma
260 ## - PUBLICATION, DISTRIBUTION, ETC. (IMPRINT)
Place of publication, distribution, etc पंचकूला
Name of publisher, distributor, etc आधार प्रकाशन
Date of publication, distribution, etc 2009
270 ## - ADDRESS
Address एस.सी.एफ.267, सेक्टर 16
City पंचकूला
Postal code 134113 (हरियाणा)
Electronic mail address aadhar_prakashan@yahoo.com
300 ## - PHYSICAL DESCRIPTION
Extent 156पृ
Dimensions 22सेमी (सजिल्द)
650 ## - SUBJECT ADDED ENTRY--TOPICAL TERM
Topical term or geographic name as entry element वित्तीय सेवाएँ उद्योग
650 ## - SUBJECT ADDED ENTRY--TOPICAL TERM
Topical term or geographic name as entry element Financial services industry
650 ## - SUBJECT ADDED ENTRY--TOPICAL TERM
Topical term or geographic name as entry element वित्तीय सेवाएँ उद्योग
700 ## - ADDED ENTRY--PERSONAL NAME
Personal name कुमार. पी.
700 ## - ADDED ENTRY--PERSONAL NAME
Personal name मिश्र, रूपक
700 ## - ADDED ENTRY--PERSONAL NAME
Personal name शर्मा, पुष्प कुमार
942 ## - ADDED ENTRY ELEMENTS (KOHA)
Source of classification or shelving scheme Dewey Decimal Classification
Item type Hindi Books
Classification part 332.17
Call number suffix वित्तीय
Holdings
Withdrawn status Lost status Source of classification or shelving scheme Damaged status Not for loan Collection code Home library Current library Date acquired Source of acquisition Cost, normal purchase price Total Checkouts Full call number Barcode Date last seen Copy number Cost, replacement price Koha item type
    Dewey Decimal Classification   Not For Loan Non-fiction D.B.Act.Division D.B.Act.Division 07/12/2009 DBAD / PUB 225.00   332.17 वित्तीय HN-61093 07/12/2009 1 225.00 Hindi Books

© Delhi Public Library
Hit Counter
free hit counter